Présidents de la République française le plus longtemps au pouvoir - Statistiques

Statistiques générales
  • Ce quiz a été pris 124 fois
  • Le résultat moyen est 7 sur 11
Statistiques - réponses
Durée au pouvoir Président de la République % Correct
11 ans,11 mois et 29 jours Jacques Chirac
98%
10 ans,3 mois et 20 jours Charles de Gaulle
96%
13 ans,11 mois et 26 jours François Mitterrand
89%
7 ans Valéry Giscard d'Estaing
86%
7 ans Raymond Poincaré
63%
7 ans Vincent Auriol
51%
8 ans,2 mois et 1 jour Albert Lebrun
47%
7 ans Gaston Doumergue
47%
8 ans,10 mois et 2 jours Jules Grévy
47%
7 ans Armand Fallières
42%
7 ans Emile Loubet
38%
Aucun quiz correspondant
Distribution des résultats
% des personnes avec chaque résultat
Percentile par nombre de réponses
Votre historique - résultats
Vous n’avez pas pris ce quiz